| 000 | 00374nam a2200157Ia 4500 | ||
|---|---|---|---|
| 008 | 221030s9999 xx 000 0 und d | ||
| 020 | _a817758443X | ||
| 041 | _aEnglish | ||
| 082 | _a105.23 | ||
| 100 | _aD. E. Comer | ||
| 245 | 0 | _aEssentials of Computer Architecture | |
| 260 |
_bPearson Edcuation _aDelhi _c2007 |
||
| 300 | _a330 | ||
| 650 | _aBE Computer | ||
| 942 | _cBK | ||
| 999 |
_c6346 _d6346 |
||